<Der> Erfolgskurs Schlanker Unternehmen Impulstexte und Praxisbeispiele
Gespeichert in:
| Weitere Verfasser: | , |
|---|---|
| Format: | Buch |
| Sprache: | Deutsch |
| Veröffentlicht: |
Wien
Manz
1994
|
| Ausgabe: | 1. Aufl. |
| Schlagworte: | |
| Tags: |
Keine Tags, Fügen Sie das erste Tag hinzu!
|
MARC
| LEADER | 00000nam a2200000 4500 | ||
|---|---|---|---|
| 001 | c005922 | ||
| 005 | 20221205140455.7 | ||
| 020 | |a 3-214-06493-2 | ||
| 041 | 0 | |a ger | |
| 044 | |a AT | ||
| 245 | 1 | 0 | |a <Der> Erfolgskurs Schlanker Unternehmen |b Impulstexte und Praxisbeispiele |c Edit. Friedrich Glasl, Erich Brugger |
| 250 | |a 1. Aufl. | ||
| 264 | 1 | |a Wien |b Manz |c 1994 | |
| 300 | |a 230 s. | ||
| 610 | 2 | 0 | |a podnik |
| 610 | 2 | 0 | |a výskum trhu |
| 610 | 2 | 0 | |a zákazníci |
| 610 | 2 | 0 | |a marketing |
| 610 | 2 | 0 | |a služby |
| 610 | 2 | 0 | |a kontroling |
| 610 | 2 | 0 | |a manažment |
| 610 | 2 | 0 | |a logistika |
| 700 | 1 | |a Glasl, Friedrich | |
| 700 | 1 | |a Brugger, Erich | |